Central Library OPAC University of Rajshahi

American education : diversity & research / (Record no. 46354)

MARC details
000 -LEADER
fixed length control field 00736nam a22002297a 4500
001 - CONTROL NUMBER
control field 46354
003 - CONTROL NUMBER IDENTIFIER
rucl marc code BD-RjUL
005 - DATE AND TIME OF LATEST TRANSACTION
control field 20211209054136.0
008 - FIXED-LENGTH DATA ELEMENTS--GENERAL INFORMATION
fixed length control field 160801s1979 usaa|||| |||| 00| 0 eng d
035 ## - SYSTEM CONTROL NUMBER
System control number (BD-RjUL)46472
040 ## - CATALOGING SOURCE
Original cataloging agency BD-RjUL
Language of cataloging eng
Transcribing agency BD-RjUL
041 ## - LANGUAGE CODE
Language code of text/sound track or separate title eng
082 ## - DEWEY DECIMAL CLASSIFICATION NUMBER
Edition number 23
Classification number 370.973
Author mark and year AME 1979
245 ## - TITLE STATEMENT
Title American education : diversity & research /
Statement of responsibility, etc. edited by Herbert J. Walberg.
260 ## - PUBLICATION, DISTRIBUTION, ETC. (IMPRINT)
Place of publication, distribution, etc. Washington :
Name of publisher, distributor, etc. Voice of America, U.S Information Agency,
Date of publication, distribution, etc. 1979
300 ## - PHYSICAL DESCRIPTION
Pagination vi, 217p.:
Illustrations ill. ;
Size 21 cm
490 ## - SERIES STATEMENT
Series statement Voice Of America forum series.
650 ## - SUBJECT ADDED ENTRY--TOPICAL TERM
Topical term or geographic name as entry element Education -- United States.
9 (RLIN) 141551
Form subdivision Education
Topical term or geographic name as entry element United States.
9 (RLIN) 141557
700 ## - ADDED ENTRY--PERSONAL NAME
Personal name Walberg Herbert J.
942 ## - ADDED ENTRY ELEMENTS (KOHA)
Source of classification or shelving scheme Dewey Decimal Classification
Koha item type Books
Holdings
Lost status Source of classification or shelving scheme Damaged status Not for loan Collection code Permanent Location Current Location Shelving location Date acquired Source of acquisition Total Checkouts Full call number Date last seen Copy number Koha item type
  Dewey Decimal Classification     Non-fiction Central Library, University of Rajshahi Central Library, University of Rajshahi   20/02/1983 american   370.973 AME 1979 01/08/2016 C-2 Books
  Dewey Decimal Classification     Non-fiction Central Library, University of Rajshahi Central Library, University of Rajshahi   20/02/1983 american   370.973 AME 1979 01/08/2016 C-3 Books
  Dewey Decimal Classification     Non-fiction Central Library, University of Rajshahi Central Library, University of Rajshahi   20/02/1983 american   370.973 AME 1979 01/08/2016 C-4 Books
  Dewey Decimal Classification     Non-fiction Central Library, University of Rajshahi Central Library, University of Rajshahi   20/02/1983 american   370.973 AME 1979 01/08/2016 C-5 Books